Foundations of Hyperbolic Manifolds

Αποθηκεύτηκε σε:
Λεπτομέρειες βιβλιογραφικής εγγραφής
Κύριος συγγραφέας: Ratcliffe, John G. 1948-
Μορφή: Βιβλίο
Γλώσσα:English
Δημοσίευση: New York : Springer-Verlag, c1994
Σειρά:Graduate texts in mathematics ; ; 149
Θέματα:
Ετικέτες: Προσθήκη ετικέτας
Δεν υπάρχουν, Καταχωρήστε ετικέτα πρώτοι!

MARC

LEADER 00000nam a2200000 i 4500
001 1/51169
008 950925s1994 eng d
020 |a 0-387-94348-X 
035 |1 ΕΛΗ  |a 1995  |b 1807  |c ΤΣΑΠΟΓΑΣ  |l 10044071 
040 |a GR-MY-UA  |b gre  |e aacr 
041 0 |a eng 
082 0 |a 516.9 
100 1 |a Ratcliffe, John G.  |d 1948- 
245 1 0 |a Foundations of Hyperbolic Manifolds /  |c John G. Ratcliffe 
260 |a New York :   |b Springer-Verlag,   |c c1994 
300 |a 747 p.;  |b ill.;  |c 24 cm. 
490 1 |a Graduate texts in mathematics  |v ; 149 
500 |a Includes bibliographical references and index 
650 0 0 |a Geometry, Hyperbolic. 
650 0 0 |a Hyperbolic spaces. 
830 0 |a Graduate texts in mathematics ;  |v ; 149 
852 |a INST  |b SAMOS  |e 19950925  |h 516.9 RAT  |p 005300009124  |q 005300009124  |t BK  |y 0 
901 |a BIBL-1997-1 
909 |a Σ  |b 049671